000
00232nam a22000977a 4500
082
_a
355.4 INT'
245
_a
INTERNATIONAL MILITARY OPERATIONAL RESEARCH COURSE VOL-1
260
_a
LONDON
_b
RMCS
_c
1983
300
_a
273P
942
_c
BK
999
_c
581237
_d
581237